000 00437nam a2200193Ia 4500
005 20240823034216.0
008 240823s9999||||xx |||||||||||||| ||und||
020 _a81-7130-756-6
041 _aMALAYALAM
082 _A894.8123 Q2
100 _aBalakrishnan C V
245 0 _aKannatikkatal
250 _a5th
260 _c2012
_b"D C Books,Kot"
500 _aDISPLAY
650 _aNovel
_bEnglish
942 _cBK
999 _c197689
_d197689